| 000 | 00888 a2200193 4500 | ||
|---|---|---|---|
| 001 | 33429 | ||
| 005 | 20260407155626.0 | ||
| 008 | 260407a1963 arg spa d | ||
| 003 | AR-UNSa-BCEJYS | ||
| 040 |
_aAR-UNSa-BCEJYS _bspa _cAR-UNSa-BCEJYS |
||
| 080 |
_a658.012.123 _xModelos de decisión. Diagramas de decisión. Árboles de decisión (Cursogramas) |
||
| 245 | 1 | 0 | _aAdministración de empresas en la era electónica |
| 264 | 1 |
_aMéxico : _bLetras _c1963 |
|
| 300 |
_a85 p. _c21 cm. |
||
| 505 | _a1. Prefacio - 2. El director de empresa como hombre que toma decisiones - 3. Métodos tradicionales para decidir - 4. Nuevas técnicas de la decisión programada - 5. Solución heurística de problemas - 6. Esquema de la organización: Sistemas humanos-mecánicos para la toma de decisiones. | ||
| 942 | _cBK | ||
| 590 | _aniveau_biblio:m niveau_hierar:0 | ||
| 100 | 1 | _aSimon, Herbert A. | |
| 999 |
_c2350 _d2350 |
||